<?xml version="1.0" encoding="UTF-8"?>
<record
    xmlns:xsi="http://www.w3.org/2001/XMLSchema-instance"
    xsi:schemaLocation="http://www.loc.gov/MARC21/slim http://www.loc.gov/standards/marcxml/schema/MARC21slim.xsd"
    xmlns="http://www.loc.gov/MARC21/slim">

  <leader>00659nab a2200181   4500</leader>
  <controlfield tag="001">244442</controlfield>
  <controlfield tag="003">OSt</controlfield>
  <controlfield tag="005">20231011083336.0</controlfield>
  <controlfield tag="007">tu</controlfield>
  <controlfield tag="008">200917s2020|||||||</controlfield>
  <datafield tag="040" ind1=" " ind2=" ">
    <subfield code="a">DE-2950</subfield>
    <subfield code="c">DE-2950</subfield>
  </datafield>
  <datafield tag="245" ind1="0" ind2="0">
    <subfield code="a">Stadt schlie&#xDF;t Tagespflege - Angeh&#xF6;rige reagieren emp&#xF6;rt</subfield>
    <subfield code="b">Pflege. Die Gemeinn&#xFC;tzige Pflege- und Betreuungsgesellschaft der Stadt Frankfurt (Oder) stellt das Angebot in der Leipziger Stra&#xDF;e zum Jahreswechsel ein/</subfield>
    <subfield code="c">Philipp Stepputtis, </subfield>
  </datafield>
  <datafield tag="264" ind1=" " ind2=" ">
    <subfield code="c">2023</subfield>
  </datafield>
  <datafield tag="653" ind1=" " ind2=" ">
    <subfield code="a">Frankfurt (Oder) </subfield>
  </datafield>
  <datafield tag="653" ind1=" " ind2=" ">
    <subfield code="a">Tagespflege</subfield>
  </datafield>
  <datafield tag="773" ind1="0" ind2=" ">
    <subfield code="g">34. Jahrgang (2023) Nr. 234 vom 07.10.2023, S. 15, mit Foto</subfield>
    <subfield code="t">M&#xE4;rkische Oderzeitung</subfield>
  </datafield>
  <datafield tag="942" ind1=" " ind2=" ">
    <subfield code="2">z</subfield>
    <subfield code="c">A</subfield>
  </datafield>
  <datafield tag="999" ind1=" " ind2=" ">
    <subfield code="c">372760</subfield>
    <subfield code="d">372760</subfield>
  </datafield>
</record>
